000 00365nam a2200145Ia 4500
008 191201s2005 xx 000 0 und d
082 _a004.21
_bALP
100 _aALAUDEEN, A
245 0 _aPrinciples of CAD and Computer Graphics
250 _a1st
260 _aN.Delhi
_bDhanpat Rai Pub (P) Ltd
_c2005
300 _a426
650 _aB.Tech(CSE)
942 _2ddc
_cBK
999 _c2024
_d2024